00610nam a22001937a 4500999001900000005001700019010001400036020002600050035001300076037002400089082000800113100002100121245010000142250001200242260004100254270006700295300003200362942002200394 c182226d18222620211102113151.0 aENG-95965 a9788131724880c120.00 aEN-79498 bDorling Kindersley  a000 aSinha, Nishit K. aThe Pearson guide to logical reasoning and data interpretation for the CAT/cby Nishit K. Sinha a2nd ed. aNew DelhibDorling Kindersley c2009 a14, Local Shopping Centre, Panchsheel Park,bNew Delhie110017 axx, 116p.:c28cm.(Pbk)bill 2ddccENmSINh000